| 000 | 00562nam a22001937a 4500 | ||
|---|---|---|---|
| 003 | koha_MIRAKIL | ||
| 005 | 20241016132621.0 | ||
| 008 | 231213b |||||||| |||| 00| 0 ||| d | ||
| 020 | _a9786051920153 | ||
| 040 |
_aTR-IsEVY _btur _cTR-IsEVY |
||
| 082 | _aFIC SCH/T | ||
| 100 | _aScheffler, Axel | ||
| 245 | 0 |
_aTavşancan ile Faresu: _byeni arkadaş / _cAxel Scheffler. |
|
| 250 | _a30. bs. | ||
| 260 |
_bHep Kitap, _c2022. _aİstanbul : |
||
| 300 |
_a28 s. : _brenkli resimli ; _c22 cm. |
||
| 650 |
_aÇocuk Edebiyatı. _vResimli Kitaplar. |
||
| 942 |
_2ddc _cBK |
||
| 999 |
_c20866 _d20866 |
||